By the Numbers #10 - Statistics

General Stats
  • This quiz has been taken 78 times
  • The average score is 10 of 20
Answer Stats
Hint Answer % Correct
102 + 1 101
96%
MDCCLXXVI 1776
94%
The percentage equivalent of 12 50
92%
Atomic number of hydrogen 1
88%
Number of stripes on the French flag 3
86%
Number of stripes on the US flag 13
82%
Number of turtle doves in any single verse of “The Twelve Days of Christmas” 2
72%
Pi, rounded up to the nearest multiple of 10 10
68%
Number of stars on the US flag in 1958 48
58%
Number of sectors on a standard dartboard 20
48%
Number in the title of the “itchy” Marilyn Monroe film in which she famously wore a full-skirted white dress while standing over a subway grate 7
44%
Number of aglets on a pair of shoelaces 4
40%
Number of stars on the Australian flag 6
30%
Number of days Pope John Paul I reigned 33
24%
Number whose corresponding word is censored on the Chinese internet due to its association with Tiananmen Square protests 89
24%
Number of officially recognized constellations 88
22%
In Norse mythology, the number of worlds connected by the world tree Yggdrasil 9
22%
The number of days and nights Siddhartha Gautama (the Buddha) spent meditating as a holy man 49
20%
Number of moons Pluto has 5
20%
Charing Cross Road address in the title of Helene Hanff’s 1970 book and the 1987 film (starring Anne Bancroft and Anthony Hopkins) based on it 84
14%
No matching quizzes found
Score Distribution
Percent of People with Each Score
Percentile by Number Answered
Your Score History
You have not taken this quiz